ბათუმის შოთა რუსთაველის სახელმწიფო უნივერსიტეტის ბიბლიოთეკა

Appling Communication Theory for Professional Life (ბიბ.ჩანაწერი № 45711)

000 -LEADER
fixed length control field 00581nam a2200229Ia 4500
001 - CONTROL NUMBER
control field 12538
003 - CONTROL NUMBER IDENTIFIER
control field GE_BSU
008 - FIXED-LENGTH DATA ELEMENTS--GENERAL INFORMATION
fixed length control field 181216s||||||||xx |||||||||||||| ||und||
020 ## - INTERNATIONAL STANDARD BOOK NUMBER
International Standard Book Number 9781412976916
040 ## - CATALOGING SOURCE
Transcribing agency GE_BSU
080 ## - UNIVERSAL DECIMAL CLASSIFICATION NUMBER
Universal Decimal Classification number 30
100 ## - MAIN ENTRY--PERSONAL NAME
Personal name Dainton,Marianne. Zelly D.Elaine
245 ## - TITLE STATEMENT
Title Appling Communication Theory for Professional Life
245 #2 - TITLE STATEMENT
Remainder of title A practical introduction
260 ## - PUBLICATION, DISTRIBUTION, ETC.
Place of publication, distribution, etc. Los Angeles
260 ## - PUBLICATION, DISTRIBUTION, ETC.
Name of publisher, distributor, etc. Sage
260 ## - PUBLICATION, DISTRIBUTION, ETC.
Date of publication, distribution, etc. 2011
300 ## - PHYSICAL DESCRIPTION
Extent 246p.22cm.
653 ## - INDEX TERM--UNCONTROLLED
Uncontrolled term Appling Communication Theory for Professional Life
942 ## - ADDED ENTRY ELEMENTS (KOHA)
Koha item type წიგნი
ეგზემპლარები
Withdrawn status Lost status Damaged status Not for loan Date acquired Barcode Date last seen Price effective from Koha item type
        2018-12-17 36346 2018-12-17 2018-12-17 წიგნი
        2018-12-17 36347 2018-12-17 2018-12-17 წიგნი
        2018-12-17 36348 2018-12-17 2018-12-17 წიგნი